000 00263nam a2200109Ia 4500
008 220204s9999 xx 000 0 und d
082 _a82-3MB
_bWIN
100 _aWinspear, Violet
245 4 _aThe Sun tower
260 _aLondon
_bMills and Boon
_c1976
942 _cBK
999 _c33207
_d33207